000 00783nam a2200205Ia 4500
003 GCL
008 140319s9999 xx 000 0 ara d
040 _aGCL /
_cGCL
082 0 4 _a509
_bم ع
100 1 _aمؤسسة الكويت للتقدم العلمى
245 1 0 _aالعلوم عند العرب والمسلمين مقتنيات : دار الاثار الاسلامية /
_cمؤسسة الكويت للتقدم العلمى
260 _a[S.N] :
_bمؤسسة الكويت للتقدم العلمى ،
_c1989
300 _a46 ص
490 _a
650 0 4 _aالحضارة العربية الاسلامية - المعارف البحرية
650 0 4 _aالعلوم عند العرب
650 0 4 _aالعلماء العرب
650 0 4 _aالقلب
942 _2ddc
_cBK
999 _c28050
_d28050